| 000 | 01012nam a22002537a 4500 | ||
|---|---|---|---|
| 005 | 20111123114127.0 | ||
| 008 | 111123t xxu||||| |||| 00| 0 eng d | ||
| 010 | _aENG-104181 | ||
| 020 |
_a9780071078481 _c395.00 |
||
| 020 |
_a0071078487 _c395.00 |
||
| 035 | _aEN-87714 | ||
| 037 | _bDBAD/PUB | ||
| 040 |
_aDPL _bEng |
||
| 082 | 0 | 0 | _a005.133 |
| 100 | 1 | _936071 | |
| 245 | 1 | 0 |
_aMicrosoft C# certification guide : _b70-536 C# examination |
| 260 |
_aNew Delhi _bTata McGraw-Hill _cc2011 |
||
| 270 |
_a7 West Patel Nagar _bNew Delhi _e110008 |
||
| 300 |
_axvi,265p. _c23cm (pbk) _e1CD-ROM |
||
| 490 |
_auCertify-Tata McGraw Hill professional : certification series _936116 |
||
| 942 |
_2ddc _cEN _h005.133 _mMIC |
||
| 999 |
_c58654 _d58654 |
||